| 000 | 00682nam a2200241 a 4500 | ||
|---|---|---|---|
| 008 | |||
| 020 | _a0471503320 (pbk.) | ||
| 049 | _aMAIN | ||
| 090 |
_aTA405 _bRIL |
||
| 100 | _aRiley, William F. | ||
| 245 | 0 |
_aIntroduction to mechanics of materials / _cWilliam F. Riley, Loren Zachary. |
|
| 260 |
_aNew York : _bWiley, _c1989. |
||
| 300 |
_axv, 747 p. : _bill. ; _c24 cm. |
||
| 500 | _aIncludes index. | ||
| 650 | _aStrength of materials. | ||
| 650 | _aMechanics. | ||
| 700 | _aZachary, Loren. | ||
| 907 |
_a.b10096504 _b02-11-12 _c25-11-03 |
||
| 003 | |||
| 005 | 20230123133519.0 | ||
| 040 | _cNUST | ||
| 942 |
_cBOOKS _kTA405 _mRIL |
||
| 999 |
_c149910 _d149910 |
||